00753cam a22002413a 45000010005000000030006000050050017000110080041000280400015000690420007000840500007000911000026000982450109001242600029002335060073002625160020003356530022003556530016003776530026003936530023004198300028004428560041004709679PGUSA20140828083215.0060101s2006||||xxu|||||s|||||000 1 eng d aPGUSAbeng adc 4aPR1 aDefoe, Daniel,d-173114aThe Life, Adventures and Piracies of the Famous Captain Singletonh[electronic resource] /cDaniel Defoe bProject Gutenberg,c2006 aCopyrighted. Read the copyright notice inside this book for details. aElectronic text aAdventure stories aSea stories aPicaresque literature aPirates -- Fiction 0aProject Gutenbergv967940uhttp://www.gutenberg.org/ebooks/9679